Forced migration review

保存先:
書誌詳細
フォーマット: 図書
言語:Undetermined
出版事項: Oxford, UK 2018
主題:
タグ: タグ追加
タグなし, このレコードへの初めてのタグを付けませんか!
Thư viện lưu trữ: Trung tâm Học liệu Trường Đại học Cần Thơ
LEADER 00444nam a2200157Ia 4500
001 CTU_235470
008 210402s9999 xx 000 0 und d
082 |a 304.8 
082 |b M634 
245 0 |a Forced migration review 
245 0 |c Refugee Studies Centre, University of Oxford 
260 |a Oxford, UK 
260 |c 2018 
650 |a Forced migration 
904 |i Phương Uyên 
980 |a Trung tâm Học liệu Trường Đại học Cần Thơ